[Event "EU-ch 6th"]
[Site "Warsaw"]
[Date "2005.06.25"]
[Round "7"]
[White "Motylev, Alexander"]
[Black "Iljushin, Alexei"]
[Result "1-0"]
[WhiteElo "2680"]
[BlackElo "2543"]
[Annotator "Finkel,A"]
[PlyCount "117"]
[EventDate "2005.06.18"]
[EventType "swiss"]
[EventRounds "13"]
[EventCountry "POL"]
[SourceTitle "CBM 108"]
[Source "ChessBase"]
[SourceDate "2005.09.26"]
[SourceVersion "1"]
[SourceVersionDate "2005.09.26"]
[SourceQuality "1"]

1. e4 e6 2. d4 d5 3. Nc3 Nf6 4. Bg5 dxe4 5. Nxe4 Be7 6. Bxf6 Bxf6 7. Nf3 Nd7 8.
Qd2 O-O 9. O-O-O Be7 10. Bd3 b6 11. h4 Bb7 12. Qf4 {This move is considered to
be harmless for black, but this game shows that white might pose black some
problems in this seemingly upretentious variation.} Nf6 13. Nxf6+ (13. Neg5)
13... Bxf6 14. Ng5 g6 15. Be4 (15. c3 Bg7 (15... Bxg2 $6 16. Rhg1 Bxg5 17. hxg5
Bb7 18. Rg3 f6 19. Rdg1 $40 {Saulin,D-Pushkov,N/Tula 2001}) (15... a6 16. Rh3
Be7 17. Kb1 Bxg2 18. Re3 Bb7 19. Rg1 Bd6 20. Qg4 $44 {Delgado,A-Bendana,G/
Buenos Aires 2003}) 16. Qg4 $6 h6 17. Nxe6 $2 Bc8 18. Qxg6 fxg6 19. Nxd8 Rxd8
20. Bxg6 Be6 $17 {Kucypera,A-Rapoport,I/Polanica Zdroj 1996}) 15... Bxe4 {
Black is doing ok after a move in the game, but I find 15...Bd5 more logical
since I see no reason to allow white to put the knight on a very comfortable
e4 square.} (15... Bd5 $5 16. Kb1 Bg7 17. Nf3 Qf6 18. Qe3 Bxe4 19. Qxe4 c5 20.
Ne5 Rad8 21. f4 cxd4 22. Rxd4 Rxd4 23. Qxd4 Rd8 $11 {Hector,J-Liiva,R/
Stockholm 1992}) (15... Bxg5 $2 16. hxg5 Bxe4 17. Rxh7 $1 f5 18. Qh4 {1-0 Lanc,
A-Balogh,P/Slovakia 1995}) 16. Nxe4 Bg7 17. Kb1 (17. h5 f5 18. Nc3 Qd6 19. Qxd6
cxd6 20. hxg6 hxg6 21. Nb5 Rad8 22. d5 exd5 23. Rxd5 $14 {Hamdouchi,H-Hassan,A/
Dubai 2004}) 17... Qe7 (17... h5 $6 18. g4 hxg4 19. h5 gxh5 20. Rxh5 f5 21. Ng5
Re8 22. Qh2 Re7 23. c3 $1 $18 {[%cal Gd1h1]}) 18. h5 Rad8 (18... Rfd8 19. hxg6
hxg6 20. Qh2 c5 21. Rd3 cxd4 22. Rh3 f5 23. Qg3 Qf7 24. Ng5 Qf6 25. Nh7 Qf7
$132) 19. hxg6 fxg6 20. Qe3 $14 Rf5 $1 {[%csl Rd4][%cal Gf5d5]} 21. f4 h6 $5 {
Taking square g5 under control.} (21... Rfd5 22. Ng5 Bxd4 23. Qxe6+ Qxe6 24.
Nxe6 R8d7 25. c3 Be3 26. Rxd5 Rxd5 $11 {[%cal Gd5d2]}) 22. c3 Qf7 (22... Rfd5
23. Kc1 $1 {[%csl Gd1]} c5 $140 $6 24. dxc5 bxc5 25. Nxc5 $16) 23. g3 Rfd5 24.
Kc1 $1 {[%csl Gd1]} Qf5 25. Nf2 c5 26. dxc5 bxc5 27. Qe4 Qf7 $6 {This move is
far too passive. After correct} (27... Rxd1+ 28. Rxd1 Rxd1+ 29. Kxd1 e5 $1 $132
{black has nothing to worry about.}) 28. Ng4 Qf5 29. Nf2 Qf7 30. Rhe1 $1 e5 $2
(30... R8d6 31. Nd3 Qd7 32. Kc2 Kh7 $132) 31. fxe5 Rxd1+ (31... Bxe5 $2 32.
Qxe5 $1 Rxe5 33. Rxd8+ Kg7 34. Rxe5 Qxf2 35. Re7+ Kf6 36. Rf8+ $18) 32. Nxd1
Qd5 33. e6 Qg5+ 34. Re3 Bf6 35. Kc2 Be7 36. Nf2 $18 c4 37. Nh3 Qb5 38. Qxg6+
Kh8 39. Qxh6+ Kg8 40. Qg6+ Kh8 41. Kc1 Qd5 (41... Qa4 42. Qh5+ Kg7 43. Nf4 Qxa2
44. Qf7+ Kh8 45. Ng6#) 42. Qh6+ Kg8 43. Qg6+ Kh8 44. Qh6+ Kg8 45. Re1 Qf5 46.
Nf4 Bg5 47. e7 Re8 48. Qe6+ Qxe6 49. Rxe6 Kf7 50. Re4 Rxe7 51. Rxc4 Re3 52.
Rc7+ Ke8 53. Kc2 Rxg3 54. Nd3 a5 55. a4 Bd8 56. Rb7 Rg2+ 57. Kb3 Rg5 58. Rb5
Kd7 59. Ne5+ 1-0

[Event "Elgoibar 10th"]
[Site "Elgoibar"]
[Date "2000.??.??"]
[Round "8"]
[White "Lopez Martinez, Josep Manuel"]
[Black "Ivanisevic, Ivan"]
[Result "1/2-1/2"]
[WhiteElo "2477"]
[BlackElo "2530"]
[Annotator "Finkel,A"]
[PlyCount "100"]
[EventDate "2000.11.28"]
[EventType "tourn"]
[EventRounds "9"]
[EventCountry "ESP"]
[EventCategory "11"]
[SourceTitle "CBM 081"]
[Source "ChessBase"]
[SourceDate "2001.03.20"]
[SourceVersion "1"]
[SourceVersionDate "2001.03.20"]
[SourceQuality "1"]

{[%mdl 4128]} 1. e4 e6 2. d4 d5 3. Nc3 Nf6 4. Bg5 dxe4 5. Nxe4 Be7 6. Bxf6 gxf6
{During the last years this continuation has become extremly popular} (6...
Bxf6) 7. g3 {This move can hardly be recommended, because in all variations
black has more than sufficient counterplay} f5 8. Nc3 Bf6 9. Nge2 Nc6 10. d5
Nb4 (10... exd5 11. Nxd5 Bxb2 12. Bg2 O-O 13. O-O Bg7 14. Nef4 Ne7 15. Rb1 Nxd5
16. Qxd5 c6 $13 {Rezaei,R-Vakhidov,T/ch-Asia 2000}) 11. Bg2 (11. dxe6 $2 Qxd1+
(11... Bxe6 12. Qc1 O-O 13. Bg2 Bc4 14. O-O Bxc3 15. bxc3 Nxa2 16. Qf4 Bxe2 $19
{Zhelnin,V-Kiriakov,P/RUS-chT 1997}) 12. Rxd1 Bxe6 $17) (11. Bh3 Nxd5 12. Nxd5
Qxd5 13. Qxd5 exd5 14. O-O-O c6 15. Nd4 f4 $1 $17 {Thiel,T-Holzke,F/BL2-W9596})
11... Nxd5 (11... c6) 12. Bxd5 {Only giving up another bishop white may get
reasonable chanses} (12. Nxd5 $6 exd5 13. O-O (13. Bxd5 c6 $17) 13... O-O 14.
c3 c6 15. Nd4 (15. Nf4 Bg5 16. Qf3 Be6 17. Rfe1 Qf6 18. h4 Bh6 19. Nh5 Qg6 20.
Nf4 Qf6 {1/2-1/2 Skripchenko,A-Pinski,J/MK Cafe Cup-A 1999}) 15... f4 $5 16.
gxf4 Qd6 17. Qd2 Bd7 $15 {Damjanovic,V-Itkis,B/Bucharest 1996}) 12... exd5 13.
Qxd5 (13. Nxd5 Bxb2 14. Nef4 O-O 15. Rb1 Re8+ 16. Kf1 Bg7 17. Qh5 a5 18. Kg2
Ra6 $132 {Pein,M-Luther,T/Peer Gynt 1994}) 13... Qxd5 (13... O-O $13) 14. Nxd5
Bxb2 $1 ({After} 14... Bd8 15. O-O-O c6 16. Ne3 Bc7 17. Rhe1 $14 {white has
better chances}) 15. Nxc7+ (15. Rb1 $2 Be5 16. f4 Bd6 $17) 15... Kd8 16. Rb1
Kxc7 17. Rxb2 Re8 ({Serious attention deserved} 17... Rd8 $5 {trying to
prevent white to put his knight on d4:} 18. c3 Rd3 $1 (18... Be6 19. Nd4 Rd5
20. Kd2 Ra5 21. Re1 Rd8 22. Kc2 $13) 19. Rd2 (19. Nf4 Rd6 20. Ke2 Bd7 $13)
19... Rxd2 20. Kxd2 Be6 $15) 18. Kd2 Bd7 (18... Be6) 19. Nd4 $1 Re4 20. Kd3 Rd8
21. c3 b6 22. Rhb1 $6 Re5 23. f4 Ra5 {Black has symbolical advantage, but it's
extremly difficult to make any progress} (23... Re7 24. Re2 Rxe2 25. Kxe2 $11)
24. Re1 Bb5+ 25. Kc2 Bc4 26. Re7+ Rd7 27. Re8 Bxa2 28. Nxf5 Bd5 (28... Bc4 $5
29. Nd4 Ra1 30. Rb4 Ra2+ 31. Rb2 Rxb2+ 32. Kxb2 $11) 29. Nd4 f5 30. Re5 {
Now the character of the game is changing and white has tobe carefull} (30.
Nxf5 $6 Bf7 {[%cal Ga5f5,Gf7e8]} 31. Re5 Rxe5 32. fxe5 Rd5 33. Nd4 Rxe5 $15)
30... Be4+ 31. Kd2 Rxe5 32. fxe5 Rd5 (32... Re7 33. e6 Bd5 34. Rb5 Bxe6 35.
Nxe6+ Rxe6 36. Rxf5 $11) 33. e6 Kd6 34. Ke3 Re5 35. Kf4 Bd5 36. Rd2 $1 {
[%cal Gc3c4]} Re1 $8 37. Kg5 (37. Kxf5 Ke7 38. g4 a5 39. Rb2 Bxe6+ 40. Nxe6
Rxe6 41. g5 $11) 37... Ke7 38. Nxf5+ Kxe6 39. c4 Bxc4 40. Rd8 Ke5 (40... Rc1
41. Nd4+ Ke5 42. Nc6+ Ke4 43. Nxa7 $15) 41. Nd4 Rc1 42. Nc6+ Ke4 43. Nxa7 b5
44. Rb8 Rb1 45. Kh6 Kd5 46. Nxb5 Bxb5 47. g4 Ke5 $6 (47... Kc6 48. h4 Kc7 (
48... Rh1 49. h5 Bd3 50. Rf8 Kd7 $15) 49. Rf8 Bd3 $15) 48. h4 Bd3 49. Rxb1 Bxb1
50. g5 Bg6 1/2-1/2

[Event "Astana"]
[Site "Astana"]
[Date "2001.05.21"]
[Round "2"]
[White "Shirov, Alexei"]
[Black "Morozevich, Alexander"]
[Result "1-0"]
[WhiteElo "2722"]
[BlackElo "2749"]
[Annotator "Finkel,A"]
[PlyCount "145"]
[EventDate "2001.05.20"]
[EventType "tourn"]
[EventRounds "10"]
[EventCountry "KAZ"]
[EventCategory "20"]
[SourceTitle "CBM 084"]
[Source "ChessBase"]
[SourceDate "2001.09.13"]
[SourceVersion "1"]
[SourceVersionDate "2001.09.13"]
[SourceQuality "1"]

1. e4 {Ftacnik} e6 2. d4 d5 3. Nc3 Nf6 4. Bg5 dxe4 5. Nxe4 Be7 6. Bxf6 gxf6 7.
Nf3 a6 (7... Nd7 8. Qd2 $6 f5 9. Ng3 h5 $5 10. h4 Bd6 11. Rh3 c6 12. Ng5 Nf6
13. Bc4 Nd5 $15 {Euwe,M-Balla,Z/Bad Pistyan 1922/1/2-1/2 (50)}) (7... c6 $6 8.
Qd2 f5 9. Ng3 b6 10. Bc4 Nd7 11. O-O-O Bb7 12. Rhe1 Nf6 13. Kb1 Qc7 14. Ne5 $16
{Kozma,J-Fichtl,J/CSR-ch Prague 1953 (37)}) (7... Qd5 $6 8. Bd3 Nd7 9. O-O Nf8
10. c4 Qh5 11. Qd2 Rg8 12. Ng3 Qg4 13. Rfe1 Bd7 14. Be4 $36 {Aronson,L-Khanov,
K/URS-ch sf 1957/1-0 (49)}) 8. c4 {This move deserves very serious attention.}
(8. Bd3 b5 (8... Nd7 9. Qe2 c5 (9... f5 10. Ng3 Nf6 11. O-O-O Qd5 12. Kb1 f4
13. Ne4 Nxe4 14. Bxe4 Qd6 15. Ne5 $14 {Toth,A-Dobos,J/Szekszard op 1995}) 10.
dxc5 Qa5+ 11. Qd2 Qxd2+ 12. Nfxd2 Nxc5 13. Nxc5 Bxc5 $11 {Cohn,E-Swiderski,R/
Wien 1908}) 9. Qe2 Bb7 10. O-O-O Bd5 11. Kb1 c6 12. Nc3 Nd7 13. Rhe1 Qa5 14.
Nxd5 cxd5 15. Nh4 Nb6 $13 {Stjazhkina,O-Grabuzova,T/49th ch-RUS (women) 1999})
(8. g3 {Finkel,A} b5 9. Bg2 Bb7 10. Qe2 Bd5 11. Nc3 c6 12. Nxd5 (12. O-O-O Nd7
13. Kb1 Nb6 14. Rhe1 Qc7 15. Nh4 h5 16. f4 f5 17. Nf3 O-O-O 18. Ne5 $14 {
Leko,P-Morozevich,A/Frankfurt-West Masters 1999}) 12... cxd5 13. c3 Nc6 14. a4
O-O 15. O-O Qb6 16. b4 Rfc8 17. Rfd1 $14 {Lutz,C-Morozevich,A/Frankfurt-West
Masters 1999}) (8. Qd2 b5 9. Qh6 $6 Bb7 10. Bd3 Nd7 11. Ng3 f5 12. Nh5 Bf8 13.
Qe3 Nf6 $15 {Sutovskij,E-Morozevich,A/Torneo de Pamplona 9th 1998}) 8... f5 9.
Nc3 Bf6 (9... c5 10. d5 Bf6 11. Qc2 e5 12. O-O-O O-O 13. Nd2 Bg7 14. f3 {
[%cal Gf1d3]} Qf6 15. Bd3 $14 {Wang Zili-Dreev,A/Tan Chin Nam Cup 5th 1999 (15)
}) 10. Qd2 c5 11. d5 (11. dxc5 Qa5 12. Be2 Qxc5 13. O-O O-O 14. Qf4 Nc6 15.
Rfd1 e5 16. Qh6 Bg7 17. Qh5 Ne7 $13 {Kovalevskaya,E-Maric,A/Shenyang 2000/CBM
79}) 11... O-O 12. O-O-O Bg7 {Ftacnik: 'Morozevich keeps believing, that
bishop's pair is a decisive factor of the position despite the compromised
pawn structure. '} (12... e5 13. h4 $5 {[%cal Gf3g5]} b5 14. d6 Nc6 $2 15. d7
$1 Bb7 16. Qd6 $1 $16 {Shirov,A-Topalov,V/Sarajevo 2000/CBM 77/[Finkel,A]}) (
12... Qa5 13. Kb1 Bg7 14. h4 e5 15. Re1 Nd7 16. Bd3 b5 17. Bxf5 Nb6 18. Bd3 $14
{Esplana,C-Kastanieda,G/Lima 2000/CBM 78}) 13. h4 $1 {Shirov uses the same
idea idea whch braught him success in his encounter with Topalov; and also in
the following game Morozevich doesn't manage to find a ''cure'' against
white's plan.} exd5 {intending to bring the knight to d4 via c6} 14. Nxd5 (14.
cxd5 Qd6 15. Kb1 b5 16. g3 Nd7 17. Bh3 Nf6 18. Qc2 $14) 14... Nc6 15. h5 h6 $8
(15... Be6 $6 16. h6 Bd4 (16... Bh8 $6 17. Qf4 Re8 18. Qg3+ Kf8 19. Ng5 $18)
17. Nxd4 Nxd4 18. Qf4 Kh8 19. Rxd4 cxd4 20. Qg3 Rg8 21. Qe5+ $18) 16. Rh3 f4 $6
{[%csl Rf4] '?' Ftacnik.} (16... Be6 17. Rg3 Kh8 18. Rxg7 $5 Kxg7 19. Qc3+ f6
20. Nf4 Qc8 21. Nh4 $36 {[%csl Rg7][%cal Gc3g3]}) (16... Re8 {Ftacnik} 17. Rg3
Kh8 18. Bd3 b5 $1 $13) (16... b5 $5 $13 {Ftacnik}) 17. Rh4 Nb4 {Hoping to
survive in the endgame.} (17... b5 18. Qxf4 Qa5 19. Kb1 $16) (17... Nd4 {
Ftacnik} 18. Qxf4 Nxf3 19. gxf3 Be5 20. Qxe5 Qxh4 21. Ne7+ Kh7 22. Bd3+ f5 23.
Nxc8 $18) 18. Nxb4 Qxd2+ 19. Rxd2 cxb4 20. Rxf4 {Ftacnik: 'Black's mistake
from the move 16th is hard to understand, now he sits without sound pawn.
Shirov's win is only a matter of a good technique. '} Be6 (20... Re8 {Ftacnik}
21. Bd3 (21. c5 {Ftacnik} Be6 22. Rxb4 Rec8 23. Rxb7 Rxc5+ 24. Rc2 (24. Kb1 {
Ftacnik} Rac8 $19) 24... Rxh5 25. Be2 Bxa2 $14) 21... Be6 22. Nd4 $16) 21. Nd4
Bxd4 (21... Rad8 22. g3 (22. Nxe6 fxe6 23. Rxf8+ Rxf8 24. g3 $16) 22... Bc8 23.
Bg2 Rfe8 24. Bd5 Rd7 25. Nf5 $16) (21... Rfe8 {Ftacnik} 22. g3 (22. Nxe6 {
Ftacnik} Rxe6 23. Be2 Bf6 24. Rg4+ Kf8 25. Kc2 Rae8 26. Bf3 $16) 22... Rad8 23.
Re4 (23. Nxe6 {Ftacnik} Rxd2 24. Kxd2 Rxe6 25. c5 a5 26. b3 $16) 23... Bxc4 24.
Rxe8+ Rxe8 25. Bxc4 Re4 26. Bxf7+ Kxf7 27. Nf5 $18) 22. Rdxd4 Rac8 23. b3 Rc5
24. g4 Rfc8 (24... b5 {Ftacnik} 25. Kd2 bxc4 26. Bxc4 Ra5 27. Bxe6 Rxa2+ 28.
Ke3 fxe6 29. Rxf8+ Kxf8 30. Rxb4 $18) 25. Bd3 Kf8 (25... b5 {Ftacnik} 26. Kb2
bxc4 27. Bxc4 $18) 26. Kb2 (26. Kd2 $5 {[%cal Gd2e3,Ge3g3,Gf4e4,Gf2f4]}) 26...
Ke7 27. Be4 Re5 $6 (27... R8c7 28. a3 (28. Bd5 b5 29. Bxe6 fxe6 30. Rfe4 Kf6
$16) 28... a5 29. axb4 axb4 30. Bd3 b6 $16) (27... b5 {Ftacnik} 28. Bb7 Rg8 29.
Bxa6 $18) 28. Bxb7 Re2+ 29. Kb1 Rc5 (29... Re1+ {Ftacnik} 30. Kc2 $18) 30. Rde4
(30. Bxa6 {Ftacnik} Ra5 31. Bb7 Re1+ 32. Kb2 Re2+ 33. Kc1 Raxa2 34. Kd1 $16)
30... Rd2 (30... Rxe4 {Ftacnik} 31. Bxe4 $18) 31. Rd4 Re2 32. Rde4 Rd2 33. Rf5
$1 (33. Bxa6 $2 Ra5 $13 {[%cal Ga5a2]}) 33... Kd6 (33... Rxf5 $2 {Ftacnik} 34.
gxf5 $18) 34. Rxc5 Kxc5 35. Rf4 {Ftacnik: 'White already entertains two spare
pawns, but nearly all of them are on the white squares. Black is still putting
up resistance spiced with small obstacles.'} (35. f3 a5 36. Re5+ Kd4 37. Rxa5
Kc3 38. Kc1 Rg2 39. Kd1 $16) 35... Rd1+ 36. Kc2 Ra1 37. Kb2 Rg1 38. Bd5 (38. f3
{Ftacnik} Rg2+ 39. Kb1 Rg1+ 40. Kc2 Rg2+ 41. Kc1 Rxa2 42. Rf6 a5 43. Rxh6 $18)
(38. Bxa6 {Ftacnik} Rxg4 39. Rf6 Rh4 40. Rxh6 Rh2 41. Rf6 Rxh5 42. Bb7 $18)
38... Bxd5 (38... Bxg4 39. Bxf7 a5 40. Rf6 $16) 39. cxd5 (39. Rf5 {Ftacnik}
Rxg4 40. Rxd5+ Kc6 41. Rf5 $18) 39... a5 40. Rxf7 (40. f3 $6 Rg2+ 41. Kb1 Rg1+
42. Kc2 Rg2+ 43. Kd3 Rxa2 44. Rxf7 Rb2 $132) 40... Rxg4 41. Ra7 Rf4 (41... Kb6
$5) 42. Rxa5+ Kb6 43. Ra8 Rxf2+ 44. Kb1 Kc5 45. Rc8+ Kxd5 46. Rc4 Rf1+ 47. Kb2
Rf2+ 48. Kb1 Rf1+ 49. Kc2 Rf2+ 50. Kd3 Rxa2 51. Rxb4 Kc5 52. Ra4 Rb2 53. Kc3
Rh2 54. Ra6 $1 Rh3+ 55. Kb2 {'?' Ftacnik. Ftacnik: 'Serious mistake, both
great palyers have missed the original stalemate motive.'} (55. Kc2 $1 {Ftacnik
}) 55... Kb4 {'?' Ftacnik.} (55... Rxh5 $3 {Ftacnik} 56. Ra5+ Kb4 57. Rxh5 $11)
56. Rb6+ Kc5 57. Rxh6 Kb4 58. Kc2 {'!' Ftacnik.} Rc3+ 59. Kd2 Rh3 60. Rh8 Kc5
61. Kc2 (61. h6 {Ftacnik} Kb6 62. h7 $2 Kb7 $11) 61... Kb5 62. Kd2 Kc6 63. h6
Kb7 64. b4 Ka7 65. Ke2 Rh4 66. Kf3 Rxb4 67. Rg8 Rh4 68. Rg6 Kb7 69. Kg3 Rh1 70.
Kf4 Kc7 71. Kf5 Kd7 72. Kf6 Ke8 73. Kg7 1-0

[Event "Bar"]
[Site "Bar"]
[Date "1997.11.19"]
[Round "1"]
[White "Ivanovic, Bozidar"]
[Black "Andersson, Ulf"]
[Result "0-1"]
[WhiteElo "2500"]
[BlackElo "2640"]
[Annotator "Finkel,A"]
[PlyCount "78"]
[EventDate "1997.11.19"]
[EventType "tourn"]
[EventRounds "10"]
[EventCountry "YUG"]
[EventCategory "12"]
[SourceTitle "CBM 063"]
[Source "ChessBase"]
[SourceDate "1998.03.26"]
[SourceVersion "1"]
[SourceVersionDate "1998.03.26"]
[SourceQuality "1"]

1. e4 e6 2. d4 d5 3. Nc3 Nf6 4. Bg5 dxe4 5. Nxe4 Be7 6. Bxf6 gxf6 7. Qd3 $5 b6
8. g4 $6 {A sharp continuation leading to a very unclear position,  but on my
opinion 8.0-0-0 is more in the spirit of the position.} (8. O-O-O $5 Bb7 9. Nc3
(9. Qf3 $5 c6 10. Bc4 Na6 11. Qh5 $1 Nc7 12. Nf3 Nd5 13. Rhe1 $36 {Velimirovic,
D-Stamenkovic,Z/52nd ch-YUG, Niksic 1997 (40)}) 9... c6 10. Qg3 $1 (10. f4 $5
Bd6 $6 11. Nge2 f5 12. g4 $1 fxg4 13. Rg1 Qh4 14. Ne4 Be7 15. f5 $1 exf5 16.
N4g3 $40 {1-0 Dieu,B-De Groot,A/cr 1988 (32)}) 10... Bf8 11. Nf3 Nd7 12. Bc4
Qb8 13. Qh4 h5 14. Rhe1 $16 {Reinderman,D-De la Riva,O/WchJ U20 Buenos Aires
1992 (17)}) (8. f4 Bb7 9. Nf3 c6 10. O-O-O Qc7 11. Qe3 Nd7 12. Bc4 b5 13. Bd3
O-O-O 14. Rhf1 Nb6 15. g3 Kb8 $13 {Maleska,A-Radziewicz,I/POL-chJW U20 1994/
0-1 (62)}) 8... h5 $1 {The best reaction; otherwise black may find himself
without counterplay. For example:} (8... Bb7 9. Bg2 Nc6 $5 (9... c6 10. O-O-O
Qc7 (10... Nd7 11. Ng3 $5 Qc7 12. N1e2 O-O-O 13. h3 h6 14. Rhe1 $14) 11. Qg3 $1
Qxg3 (11... Na6 12. Qf3 {[%csl Rf6]} O-O-O 13. Nxf6 Nb4 14. a3) 12. hxg3 Nd7
13. Ne2 O-O-O 14. Rh5 $14)) 9. gxh5 Bb7 10. Bg2 Nc6 11. O-O-O Qd7 12. d5 $6 {
Typical breakthrough which nevertheless proves to be in black's favour.
Deserved attention} (12. Ne2 f5 (12... Rxh5 $5 13. Qf3 Rh6 14. N4c3 (14. d5 $6
Ne5 $1 15. Qf4 Rg6 16. dxe6 Qxe6 17. Nc5 Qxa2 18. Bxb7 Nc4 $1 $19) 14... O-O-O
15. d5 Nb4 16. Qe3 $13) 13. N4c3 O-O-O 14. d5 Nb4 15. Qh3 $1 Nxd5 16. Nxd5 Bxd5
17. Bxd5 exd5 $11) 12... Nb4 $8 (12... exd5 $6 13. Bh3 $1 Qd8 14. Qe2 $1 Kf8 (
14... Ne5 15. f4 Nd7 16. Nf3 $40 {[%csl Re8][%cal Gd1d7,Ge2e7]}) 15. Ng3 $36)
13. Qe2 O-O-O $15 {After this move it becomes clear that the initiative is in
black's hands.} (13... exd5 $4 14. Nxf6+ $18) 14. Nc3 (14. c3 $5 Nxa2+ 15. Kb1
Qa4 16. Qc2 Qxc2+ 17. Kxc2 Bxd5 $17) 14... Rhg8 $1 {Improving position of the
rook befor taking on d5.} 15. Bf3 (15. dxe6 $2 Nxa2+ $1 {[%csl Rg2]} 16. Nxa2
Qxd1+ 17. Qxd1 Rxd1+ 18. Kxd1 Bxg2 $19) 15... Nxd5 16. Nxd5 exd5 {[%csl Rf2,
Rg1] The opening is over and we can make some conclusions:black is better due
to strong blacksquared bishop,control over the g-file and weakness of white
pawns on the kingside.} 17. Qd3 $6 {Dubious dicision:white gives up the f-pawn
getting no real counterplay.} (17. h4 $6 Bc5 18. Kb1 Rde8 19. Qd2 Qf5 $17) (17.
c4 $5 d4 18. Bxb7+ Kxb7 19. Qe4+ c6 20. Nf3 Bc5 $15) 17... Bc5 18. Ne2 Bxf2 $17
19. Nf4 (19. c4 $2) 19... c6 20. Rhf1 Bc5 21. h3 $6 f5 22. Ne2 Kc7 $1 {
Preparing to defend the only weakness} 23. Nd4 Bc8 24. Be2 Bxd4 25. Qxd4 Qd6 {
Now the game enters technical part,which is the strongest side of swedish
grandmaster!} 26. Bd3 Rg5 27. Be2 (27. Qh4 Qh6 28. Qf4+ Rd6 29. Be2 Rg2 30. Rd2
Qxf4 31. Rxf4 Rh6 $19 {[%csl Rh3,Rh5][%cal Gc7e5,Gf5f4]}) 27... Re8 28. Bf3 Rg3
29. Qa4 Re3 30. Bh1 (30. Qxa7+ Bb7 31. Bh1 Ra3 $1 32. bxa3 Rxa3 33. Qxa3 Qxa3+
34. Kd2 Qxh3 35. Bf3 Qh2+ $19) 30... a5 $1 $19 {Black major pieces controle
all the board!} 31. Rde1 Qe5 32. Rd1 Rxh3 33. Kb1 Rxh5 34. Bf3 Rh3 35. Bg2 Rh2
36. Rf2 Re1 37. c3 f4 38. Rfd2 Bf5+ 39. Kc1 Bg4 0-1

[Event "Bar"]
[Site "Bar"]
[Date "1997.11.23"]
[Round "5"]
[White "Velimirovic, Dragoljub"]
[Black "Andersson, Ulf"]
[Result "0-1"]
[WhiteElo "2515"]
[BlackElo "2640"]
[Annotator "Finkel,A"]
[PlyCount "74"]
[EventDate "1997.11.19"]
[EventType "tourn"]
[EventRounds "10"]
[EventCountry "YUG"]
[EventCategory "12"]
[SourceTitle "CBM 063"]
[Source "ChessBase"]
[SourceDate "1998.03.26"]
[SourceVersion "1"]
[SourceVersionDate "1998.03.26"]
[SourceQuality "1"]

1. e4 e6 2. d4 d5 3. Nc3 Nf6 4. Bg5 dxe4 5. Nxe4 Be7 6. Bxf6 gxf6 7. Qd3 f5 $5
{In the first round of the tournament against Ivanovich Andersson continued 7..
.b6 and won convinsingly,but now he decides to deviate.} 8. Nc3 c6 (8... Bf6 $6
9. O-O-O c6 10. Qe3 Qe7 11. f4 Nd7 12. Nf3 b6 13. Ne5 Bb7 14. Be2 O-O-O 15. Bf3
$1 $14 {Dworakowska,J-Radziewicz,I/POL-chJW U20 1994 (36)}) 9. O-O-O (9. f4 Na6
$5 10. a3 Qa5 11. g3 h5 12. h3 Rg8 13. O-O-O Rb8 $5 14. Bg2 Bd7 $6 (14... h4 $5
) 15. Nce2 b5 16. b4 $1 $14 {Sinz,B-Petrosian,K/Schwaebisch Gmuend op 1994 (26)
}) 9... Nd7 10. g4 $5 {Velimirovic is dangerous attacking player and this
continuation perfectly suits his incompromising style.} fxg4 11. h3 gxh3 12.
Bxh3 {This sacrifice has a solid positional basis:black still did'nt start to
develop his queenside and has to make at least 4 moves to put his king in safe
shelter.} Qc7 13. Nf3 b6 14. Kb1 Bb7 15. Ne5 $1 $44 Rf8 $1 (15... Nxe5 $2 16.
dxe5 Rd8 17. Qg3 Rxd1+ 18. Rxd1 $36 {[%csl Re8][%cal Gf2f4,Gc3e4,Gg3g7]}) (
15... Rd8 $6 16. Qg3 Bf6 17. f4 c5 18. Bg2 Bxg2 19. Nb5 $1 Qb8 20. Qxg2 $14 {
[%csl Rc6,Rd6]}) 16. f4 O-O-O 17. Qxh7 Nxe5 18. dxe5 Kb8 $11 {The material
balance has been restored and it seems that draw is not far away,but the life
is full of suprises!} 19. Rxd8+ Qxd8 20. Rd1 Qe8 21. Qe4 {This move is not a
mistake,but it's just a step in a wrong direction!} (21. Bg2 $5 Rg8 22. Qe4 Qc8
(22... f6 $6 23. a3 Bd8 24. Ne2 f5 25. Qf3 Qg6 26. Bh1 $14) 23. Qe2 Rd8 24. Ne4
Rxd1+ 25. Qxd1 Kc7 $11) 21... c5 22. Qe2 Qc6 $1 23. a3 (23. Rg1 $5 Rh8 24. Bg2
Rg8 $2 25. Bxc6 Rxg1+ 26. Nd1 Bxc6 27. Kc1 $16) 23... Rh8 24. Bf1 a6 25. Qg4 b5
26. Bd3 (26. f5 $6 exf5 (26... b4 $6 27. f6 $1 Bxf6 28. exf6 bxc3 29. Qg3+ Qc7
30. Qxc3 $13) 27. Qxf5 Qe6 28. Qxe6 fxe6 29. Be2 Kc7 30. Bg4 Rh6 $15) 26... b4
27. axb4 cxb4 28. Ne4 Rd8 29. Nd2 $6 {Giving black some chanses,but the
position is still equal.} (29. Qh5 b3 30. Nc3 bxc2+ 31. Bxc2 Rxd1+ 32. Qxd1 $11
) 29... Bc5 $1 $36 {[%cal Ga6a4,Gb4b2]} 30. Nb3 Bb6 31. Be2 Rxd1+ 32. Bxd1 Ka7
33. Be2 a5 34. Nd2 $2 (34. Nc1 $5) 34... a4 $6 {Missing} (34... Qh1+ $1 35. Bd1
(35. Ka2 Qc1 $1 $17) 35... Be3 36. Nc4 Bxf4 $1 37. Qxf4 Qxd1+ 38. Ka2 Bd5 $17 {
with wining chanses.}) 35. Nc4 b3 36. cxb3 axb3 37. Qg3 $4 {Throwing away the
game. After} (37. Qh3 $1 Qe4+ 38. Qd3 Qxf4 39. Qxb3 Bc7 40. Qa3+ $11 {the draw
is inavoidable.}) 37... Qh1+ 0-1